000 00318nam a2200133Ia 4500
008 231017s9999 xx 000 0 und d
082 _a388.02TRK
082 _bTRK
245 0 _aBeyond Mapping
245 4 _cThe National Academies Press
260 _bThe National Academies Press
300 _c30cm
942 _cREP
999 _c605112
_d605112